|
|
|
|
| LEADER |
00000cam a2200000 7i4500 |
| 001 |
0000015207 |
| 005 |
20080410.0 |
| 008 |
080319 |
| 020 |
|
|
|a 0060580940
|
| 090 |
0 |
0 |
|a 322.10940903
|b BUR
|
| 100 |
1 |
|
|a Burleigh, Michael
|
| 245 |
1 |
0 |
|a Earthly powers :
|b the clash of religion and politics in Europe from the French Revolution to the Great War
|c Michael Burleigh
|
| 260 |
|
|
|a New York :
|b HarperCollins Publishers ,
|c 2005
|
| 650 |
|
0 |
|a Christianity and politics
|z Europe
|x history
|
| 650 |
|
0 |
|a Europe
|x Church history
|
| 999 |
|
|
|a 0001016736
|b Book
|c Adult Collection
|e Cawangan Urban Transformation Centre
|
| 999 |
|
|
|a 0001018320
|b Book
|c Adult Collection
|e Cawangan Sri Merlong
|
| 999 |
|
|
|a 0001018321
|b Book
|c Adult Collection
|e Perbadanan Perpustakaan Awam Johor
|